00824nam a2200229 a 450000100100000000500170001000800410002704000250006808200190009310000390011224500820015126000560023330000260028949000130031565000260032865000300035470000410038483000200042504900090044595201230045499900170057700002340520200930022209.0101206s1984 cu 000 f spa d aDO-SdBNPbspacBNPHU aU863.44bB983n1 aButazzoni, Fernando,d1952-94822213aLa noche abierta /cFernando Butazzoni ; edición de Horacio García Brito. aLa Habana, Cuba :bCasa de las Américas,c[1984]. a241, [2] p. ;c20 cm.1 aLa Honda 4aNovela uruguaya95679 4aLiteratura uruguaya930541 aGarcía Brito, Horacio,eed.922682 0aLa Honda922010 aBNGR 001052708MOaGRbGRcCTd2010-12-06iLF1l0oU863.44 B983np23405-10r2020-06-25w2020-06-25y2ZPréstamo interno c22902d22902